[Event "Schoeneck"]
[Site "Schoeneck"]
[Date "1996.??.??"]
[Round "6"]
[White "Votava, Jan"]
[Black "Miezis, Normunds"]
[Result "0-1"]
[WhiteElo "2545"]
[BlackElo "2530"]
[Annotator "Ernst,T"]
[PlyCount "76"]
[EventDate "1996.??.??"]
[EventType "tourn"]
[EventRounds "9"]
[EventCountry "GER"]
[SourceTitle "CBM 056"]
[Source "ChessBase"]
[SourceDate "1997.02.01"]
[SourceVersion "1"]
[SourceVersionDate "1997.02.01"]
[SourceQuality "1"]

1. Nf3 c5 2. c4 Nf6 3. Nc3 d5 4. cxd5 Nxd5 5. g3 Nc6 6. Bg2 Nxc3 7. bxc3 (7.
dxc3 Qxd1+ 8. Kxd1 e5 9. e4 Be7 (9... f6 10. Be3 Be6 11. Nd2 Be7 12. Bf1 O-O-O
{1/2-1/2 Adamski,J-Ungureanu,E/Bucharest 1978}) 10. Be3 Bg4 11. h3 Be6 12. Ng5
{1/2-1/2 Dely,P-Palatnik,S/Hradec Kralove 1981}) 7... e5 (7... g6) 8. O-O (8.
Qc2 Be7 9. O-O O-O 10. Bb2 Be6 11. d4 cxd4 12. cxd4 exd4 13. Rfd1 Rc8 14. Qa4
Qb6 15. Rab1 Bf5 16. Bxd4 Qxb1 17. Rxb1 Bxb1 18. Bb2 Bf5 19. h4 Rfd8 20. Ne5
Nxe5 21. Bxe5 Rc1+ 22. Kh2 Bc5 23. Qf4 Rc2 24. Qxf5 {1-0 Behn,C-Steinhardt,L/
RLNS 1989}) (8. d3 Be7 9. Nd2 Qc7 10. Nc4 Bd7 11. Ne3 Be6 12. Nd5 Qd7 13. Nxe7
Nxe7 14. Be3 Rc8 15. O-O Nf5 16. Bd2 O-O 17. Qb1 b5 18. a4 bxa4 19. c4 Nd4 20.
Qd1 Nb3 21. Ra2 Rfd8 22. Rc2 Bh3 23. Be3 Bxg2 24. Kxg2 e4 25. Ra2 Qc6 26. Kg1
Rb8 27. Qc2 exd3 28. exd3 Rb4 29. Qc3 a5 30. Re1 h6 31. Rae2 Qd6 32. Rd1 Qe6 {
Stobik,D-Mira,H/OLWuert 1991/1/2-1/2 (52)}) 8... Be7 9. Rb1 (9. d3 O-O 10. Nd2
(10. Be3 Be6 11. Nd2 Qd7 12. Ne4 b6 13. c4 Rad8 14. Nc3 Nd4 {1/2-1/2 Gross,
S-Egger,T/BL2-S 1989 (26)}) 10... Be6 11. Nc4 Qd7 (11... Bd5 12. Bxd5 Qxd5 13.
Ne3 Qd7 14. Qb3 Rad8 15. Rb1 b6 16. Ng2 Qg4 17. Qc2 Qg6 18. f4 c4 19. f5 cxd3
20. exd3 Qd6 21. Rf3 Qd5 22. Ne1 Bc5+ 23. Kg2 Rfe8 24. c4 Qd7 25. Bb2 e4 26.
dxe4 Qd2+ 27. Qxd2 Rxd2+ 28. Kh3 Rxe4 29. Rd3 Rxb2 30. Rxb2 Rxe1 31. Rd7 Re7
32. Rbd2 Kf8 33. R2d5 Rxd7 {Weil,W-Eisinger,M/GER-ch Bad Oeynhausen 1938/0-1 
(78)}) 12. Bxc6 Qxc6 13. Nxe5 Qd5 14. f4 Rfd8 15. Rb1 Bh3 16. e4 Qxa2 {Timman,
J-Pfleger,H/Tallinn 1973/1/2-1/2 (48)}) 9... O-O 10. d3 Qc7 11. Be3 Be6 (11...
Rb8 12. a4 b6 13. Nd2 Be6 14. Qc2 Rbd8 15. f4 exf4 16. Bxf4 Bd6 17. Bxd6 Qxd6
18. Ne4 {1-0 Maric,A-Denker,A/Palma de Mallorca GMA 1989 (43)}) 12. Qa4 Rac8
13. Ng5 Bxg5 14. Bxg5 b6 15. Rfd1 Qd7 16. Rb2 f6 17. Bc1 Rfd8 18. Rbd2 Bd5 19.
Bf1 Be6 20. Bg2 Bd5 21. Bf1 Rb8 (21... Be6 22. Bg2 Bd5 23. Bf1 $10) 22. Qh4 $6
Qf7 $1 23. c4 $6 {>< d4} (23. Qa4) (23. a3 $6 {>< b3}) 23... Be6 {/\ Nc6-d4-f5}
24. e3 {>< d3, c4} Rd6 25. f4 $2 (25. Qe4 $142) 25... Rbd8 26. Bg2 Ne7 27. Be4
(27. fxe5 Ng6 28. Qe4 Nxe5 $17) 27... h5 $1 28. Rf1 (28. fxe5 $2 g5) 28... exf4
29. Qxf4 (29. exf4 f5) (29. Rxf4 $2 g5) 29... Ng6 30. Bxg6 (30. Qf2 Ne5 31. Qe2
Bg4 $19) 30... Qxg6 $19 31. d4 cxd4 32. Ba3 R6d7 33. Rxd4 Rxd4 34. exd4 Qd3 35.
d5 Bh3 36. Rf3 Qd1+ 37. Kf2 Re8 38. Re3 Qf1# 0-1

[Event "EU-ch 13th"]
[Site "Plovdiv"]
[Date "2012.03.25"]
[Round "6"]
[White "Fridman, Daniel"]
[Black "Ter Sahakyan, Samvel"]
[Result "1-0"]
[WhiteElo "2653"]
[BlackElo "2578"]
[Annotator "Fridman,D"]
[PlyCount "79"]
[EventDate "2012.03.20"]
[EventType "swiss"]
[EventRounds "11"]
[EventCountry "BUL"]
[SourceTitle "CBM 148"]
[Source "ChessBase"]
[SourceDate "2012.05.16"]
[SourceVersion "1"]
[SourceVersionDate "2012.05.16"]
[SourceQuality "1"]

1. c4 Nf6 2. g3 e5 3. Bg2 Nc6 {Eine andere populäre Fortsetzung ist 3...d5.} 4.
Nc3 Bc5 5. e3 a6 6. Nge2 d6 7. O-O O-O 8. a3 Ba7 {Man könnte sagen, wir haben
eine Grundstellung erreicht. Jetzt gilt es einen Plan zu wählen.} 9. b4 {
Ein anderer Plan wäre es direkt d4 zu spielen. Ich war mir aber noch nicht
sicher, ob ich meinen d-Bauern auf d3 oder d4 stellen werde.} Bf5 10. d4 (10.
d3 Qd7) 10... h6 {Schwarz bereitet sich auf das kommende d5-e4 vor.} 11. d5 {
Interessant war auch 11.dxe5, aber sowohl nach 11...dxe5 als auch nach 11...
Nxe5 steht Schwarz gut:} (11. dxe5 Nxe5 (11... dxe5 12. Bb2 Bd3 13. Qb3 Qc8)
12. Bxb7 Bh3 13. Bxa8 (13. Bg2 Bxg2 14. Kxg2 Nxc4) 13... Qxa8 14. Nd5 $8 Nf3+
15. Kh1 Bxf1 16. Nxf6+ gxf6 17. Qxf1 Ne1+ 18. Kg1 Nf3+ $11) (11. Bxc6 bxc6 12.
dxe5 dxe5 13. Qxd8 Rfxd8 14. c5 a5 $15 {Sofort den Läufer auf a7 für ewig
wegzusperren klappt nicht. Die weißen Felder sind zu schwach und auch die
weißen Figuren stehen ziemlich schlecht.}) 11... Ne7 12. e4 Bh7 13. Qd3 {
Weiß will die schwarzfeldrigen Läufer tauschen und dann mit c4-c5 fortsetzen.}
Nd7 {Stattdessen war 13...c6 deutlich besser:} (13... c6 14. Be3 cxd5 (14...
Bxe3 15. Qxe3 cxd5 16. Nxd5 Nexd5 17. cxd5 Ng4 $11) 15. cxd5 (15. Bxa7 $5 dxc4
16. Qe3 Nc8 17. Bd4 Qc7 $13) 15... Bxe3 16. Qxe3 Ng4 $11 {Schwarz hat gutes
Spiel.}) 14. Be3 Qb8 {Ein bekanntes, extravagantes Manöver. Schwarz will die
Dame über a7 ins Spiel bringen und dabei auch ein mögliches Konterspiel am
Damenflügel unterstützen.} 15. Rac1 {Weiß versucht seinerseits früher oder
später c4-c5 zu spielen.} f5 16. exf5 Bxf5 (16... Bxe3 $5 17. fxe3 (17. Qxe3
Nxf5 18. Qd2 b5) 17... Bxf5 18. Ne4 (18. Be4 Bh3 19. Rxf8+ Qxf8 20. Bg2 Qf5 21.
Qxf5 Bxf5 22. e4 Bg4 23. Kf2 $11) 18... b5 19. c5) 17. Be4 Bh3 18. Bg2 Bf5 19.
Ne4 Bxe3 20. Qxe3 Qa7 {Passives 20...b6, gerichtet gegen c4-c5, war eine gute
Alternative.} (20... b6 21. N2c3 Bg6) 21. c5 Nxd5 $6 (21... Bxe4 22. Qxe4 Nf6
23. Qd3 b6 24. cxd6 cxd6 25. Bh3 $14) 22. Qd2 $6 {Ungenau.} (22. Qb3 Be6 23.
Ng5 hxg5 (23... Nf4 24. Nxe6 Nxe2+ 25. Kh1 Nxc1 26. Rxc1 Rf7 27. Nxc7 Raf8 28.
cxd6 $14) 24. Bxd5 Bxd5 25. Qxd5+ Rf7 26. cxd6 {und Weiß steht wegen seines
starken Bauern auf d6 und der gegnerischen kompromittierten Bauernstruktur auf
dem Königsflügel eindeutig besser.} c6 (26... cxd6 $4 27. Rc7 $18) 27. Qe6 $14)
22... Bxe4 $6 (22... N5f6 23. Nxf6+ Rxf6 (23... Nxf6 24. cxd6 c6) 24. Qd5+ Kh7
25. Qxb7 Qxb7 26. Bxb7 Rb8 {Schwarz hat gute Chancen auszugleichen.}) 23. Bxe4
N5f6 24. Bf5 $1 Rad8 (24... Nb8 $5 25. cxd6 cxd6 26. Qxd6 Nc6 27. Rxc6 bxc6 28.
Qxe5 $40) 25. cxd6 c6 26. Nc3 {Weiß bringt wichtige Felder unter Kontrolle.}
Kh8 27. Rcd1 Qb6 $6 {Die Dame auf b6 ist sehr schlecht platziert.} (27... a5 $5
) (27... Qb8 $5) 28. Na4 Qb5 29. Qc2 e4 30. Bxd7 Nxd7 31. Nc5 Nxc5 32. bxc5 {
Weiß wird mindestens den Bauern auf e4 gewinnen.} Rf5 (32... b6 33. cxb6 Qxb6
34. Qxe4 Rd7 35. Rd2) 33. Rc1 Qd3 (33... Re5 34. Qc3 (34. Rfd1 e3) (34. Rfe1 b6
) 34... Rf5 35. Qe3 Qd3 36. Rfe1) 34. Rfe1 b6 $2 $138 {Aber auch nach dem
besten Zug 34...Qc2 bleibt die Stellung sehr schlecht.} (34... Qxc2 35. Rxc2
Re8) 35. cxb6 Qxc2 36. Rxc2 Rxd6 37. a4 a5 38. Rb1 Rfd5 39. Rcc1 Rd8 40. b7 1-0

[Event "Rostock-08 IM Group"]
[Site "Rostock"]
[Date "1982.08.15"]
[Round "2"]
[White "Zoltek, Tadeusz"]
[Black "Neukirch, Detlef"]
[Result "1-0"]
[WhiteElo "2300"]
[BlackElo "2365"]
[Annotator "Ftacnik,L"]
[PlyCount "38"]
[EventDate "1982.08.14"]
[EventType "tourn"]
[EventRounds "9"]
[EventCountry "DDR"]
[EventCategory "4"]
[SourceTitle "MCL"]
[Source "ChessBase"]
[SourceDate "1999.07.01"]
[SourceVersion "1"]
[SourceVersionDate "1999.07.01"]
[SourceQuality "1"]

1. c4 e5 2. Nc3 Nf6 3. g3 Bb4 4. Bg2 O-O 5. e4 Bxc3 6. dxc3 d6 7. Ne2 Nbd7 8.
Qc2 (8. O-O b6 9. f3 a5 10. Be3 Bb7 11. Qc2 Qe7 12. Nc1 Nh5 $10) 8... b6 9. f3
a5 10. a4 Nc5 11. Bg5 h6 12. Be3 Ne8 $6 (12... Bb7) 13. O-O f5 $2 14. f4 $1
exf4 15. Nxf4 Nxe4 16. Bxe4 fxe4 17. Qxe4 Rb8 18. Ne6 Nf6 (18... Rxf1+) 19.
Rxf6 Qxf6 1-0

[Event "Interzonal-16"]
[Site "Biel"]
[Date "1993.??.??"]
[Round "7"]
[White "Van Wely, Loek"]
[Black "Brunner, Lucas"]
[Result "1-0"]
[WhiteElo "2585"]
[BlackElo "2475"]
[Annotator "Ftacnik,L"]
[PlyCount "59"]
[EventDate "1993.07.16"]
[EventType "swiss"]
[EventRounds "13"]
[EventCountry "SUI"]
[SourceTitle "CBM 037"]
[Source "ChessBase"]
[SourceDate "1993.12.01"]
[SourceVersion "1"]
[SourceVersionDate "1993.12.01"]
[SourceQuality "1"]

1. c4 e5 2. Nc3 Nf6 3. g3 d5 4. cxd5 Nxd5 5. Bg2 Nb6 6. d3 Be7 (6... Nc6 7. Nh3
Bf5 8. f4 Qd7 9. Nf2 exf4 10. Bxf4 Be7 11. O-O O-O 12. Kh1 Rad8 13. Nb5 Nb4 $13
{Uhlmann,W-Dueckstein/Muenchen ol/1958/}) 7. Nh3 O-O (7... g5 8. Be3 f5 9. f4
exf4 10. gxf4 g4 11. Nf2 c6 12. Qb3 Na6 13. O-O-O Qd6 14. d4 Be6 15. d5 cxd5
16. Nxd5 Kf7 17. Nxb6 Qc7+ 18. Qc3 Qxc3+ 19. bxc3 axb6 20. Bxb7 Ra7 21. Bd5 Nc5
22. Kb1 Na4 23. Bxe6+ Kxe6 24. Bd4 $13 {Clemens,C-Forintos,G/Oberhausen EUchT 
(8)/1961/}) 8. O-O Nc6 9. f4 exf4 (9... Be6 10. f5 $14) 10. gxf4 (10. Nxf4 Nd4
$13) 10... Nd4 11. e4 (11. e3 Nf5 12. e4 $2 Nh4 $15) 11... f5 (11... c5 12. f5
$1) 12. Kh1 (12. Be3 c5 13. Rc1 $13) 12... c5 13. Be3 Be6 (13... fxe4 14. dxe4
Nc4 $6 15. Bxd4 Qxd4 (15... cxd4 16. Nd5 $16) 16. Qb3 Be6 17. Rad1 Qf6 18. Ng5
$16) 14. Ng5 Bxg5 15. fxg5 Qd7 (15... Qd6 16. exf5 (16. Qd2 $5) 16... Nxf5 17.
Ne4 Nxe3 18. Nxd6 Rxf1+ 19. Qxf1 Nxf1 20. Rxf1 Bxa2 21. Nxb7 $14) 16. Qd2 Rac8
(16... fxe4 17. Nxe4 {xc5}) 17. Rf4 Rf7 (17... fxe4 18. Rxf8+ Rxf8 19. Nxe4 $14
) 18. Raf1 fxe4 19. Rxf7 Bxf7 20. Nxe4 Ne6 (20... Nd5 $2 21. Nxc5 Rxc5 22. Bxd4
$16) 21. Qf2 Rc7 (21... Nd5 22. Nxc5 (22. Qxf7+ Qxf7 23. Rxf7 Nxe3 24. Rxb7 Nf4
25. Bf3 Nxd3 26. Rxa7 Rf8 27. Nd2 Nf2+ 28. Kg1 Nh3+ 29. Kh1 $13) 22... Nxc5 23.
Bxc5 $16) 22. Nxc5 Nxc5 23. Bxc5 Qxd3 24. Bxb6 axb6 25. Qxb6 Qd8 (25... Rd7 26.
Qc5 $16) (25... Qd7 26. Qa5 b5 27. a3 Bd5 28. Qd2 Bxg2+ 29. Qxg2 $16) 26. Kg1
$5 Rd7 (26... Bxa2 27. b3 Qd7 (27... g6 28. Qe6+ Kh8 29. Qe5+ Rg7 30. Qb2 $18)
28. Qxc7 $1 Qxc7 29. Bd5+ $18) 27. Qe3 $6 (27. Qxd8+ Rxd8 28. b3 $16) 27... Bc4
$2 (27... Bxa2 $1 28. b3 Rd3 (28... Re7 29. Bd5+ Kh8 30. Qf3 Re8 31. h4 $16 {
x Ba2}) (28... Rd1 29. Rxd1 Qxd1+ 30. Kf2 Qc2+ 31. Kg3 Qc7+ (31... Qxb3 $2 32.
Bd5+ $1 Qxd5 33. Qe8#) 32. Kg4 Qf7 $10) 29. Qe6+ (29. Bd5+ $2 Rxd5 30. Qe6+ Kh8
31. Qxd5 Qxd5 32. Rf8+ Qg8 $19) 29... Kh8 30. Qf5 Bxb3 31. Qf8+ Qxf8 32. Rxf8+
Bg8 33. Bxb7 $10) 28. Re1 Bxa2 $2 29. b3 Rd1 (29... Rf7 30. Bf1 $18) (29... g6
30. Bh3 Rc7 31. Be6+ $18) 30. Bd5+ $1 (30. Bd5+ Rxd5 31. Qe6+ Kf8 (31... Kh8
32. Qe8+) 32. Rf1+ $18) 1-0

[Event "Olympiad-32"]
[Site "Yerevan"]
[Date "1996.09.21"]
[Round "6.1"]
[White "Galego, Luis"]
[Black "Topalov, Veselin"]
[Result "0-1"]
[WhiteElo "2435"]
[BlackElo "2750"]
[Annotator "Ftacnik,L"]
[PlyCount "72"]
[EventDate "1996.09.15"]
[EventType "team-swiss"]
[EventRounds "14"]
[EventCountry "ARM"]
[SourceTitle "CBM 055"]
[Source "ChessBase"]
[SourceDate "1996.12.01"]
[SourceVersion "1"]
[SourceVersionDate "1996.12.01"]
[SourceQuality "1"]
[WhiteTeam "Portugal"]
[BlackTeam "Bulgaria"]
[WhiteTeamCountry "POR"]
[BlackTeamCountry "BUL"]

1. c4 e5 2. Nc3 Nf6 3. g3 Bb4 4. Bg2 O-O 5. Qb3 a5 6. a3 Bxc3 7. Qxc3 Re8 (7...
Qe7 8. b3 d6 (8... d6 9. Bb2 Nc6 10. Nf3 Ne4 11. Qc2 Nc5 12. d4 exd4 13. Nxd4
Nxd4 14. Bxd4 Re8 15. Ra2 Bg4 16. e3 Qg5 17. O-O Bf5 18. Qc3 Be4 19. Bxc5 Bxg2
20. Kxg2 Qxc5 {Mack,P-Budde,V/BL 8586/1986/0-1 (50)})) (7... e4 8. b3 d5 9. Bb2
Be6 10. Nh3 Nc6 11. cxd5 Bxh3 12. Bxh3 Qxd5 13. Bg2 Qe6 14. Rc1 Rfd8 15. Qc4
Qd6 16. O-O Qxd2 17. Bxf6 gxf6 18. Qxe4 Nd4 19. Rxc7 {1-0 Koehler,G-Pichler,M/
OLO-A 9293/1993 (26)}) 8. d3 (8. Nf3 d5 9. cxd5 Nxd5 10. Qc2 e4 11. Nd4 Nf6 12.
e3 b6 13. d3 c5 14. Nb5 exd3 15. Qc4 Be6 16. Qf4 Bd5 17. Bxd5 Qxd5 18. O-O d2
19. Bxd2 Qxd2 20. Nc7 Nbd7 21. Nxa8 Rxa8 {Martinez,A-Bronstein,L/Buenos Aires
Konex (02)/1991/0-1 (42)}) 8... d5 9. Bg5 (9. cxd5 Nxd5 10. Qc2 Nc6) 9... d4
10. Qc2 Nbd7 11. c5 $2 (11. Nf3 h6 12. Bxf6 Nxf6 13. O-O $10) 11... c6 $1 12.
Nf3 h6 13. Bxf6 (13. Bd2 a4 $15) 13... Nxf6 14. Nd2 Be6 15. O-O a4 16. Nc4 (16.
b4 axb3 17. Nxb3 Qe7 $15) 16... Bxc4 $1 17. Qxc4 (17. dxc4 Qe7 $17) 17... Ra5
18. Bh3 (18. Rfc1 Nd7 19. Qb4 Qa8 (19... Rb5 20. Qxa4 Nxc5 21. Qxb5 $1 $8 (21.
Qc2 Nb3 $19) 21... cxb5 22. Rxc5 $15) 20. Rc4 Rb5 21. Qxa4 Rxb2 $17) 18... Qe7
19. Rfc1 Rea8 20. Rab1 Nd5 21. Rc2 (21. Bg2 Nc7) 21... Rb5 22. Bg2 Nc7 $1 (
22... Raa5 $6 23. Bxd5 cxd5 24. Qxd5 Rxc5 25. Rxc5 Rxc5 26. Qe4 $15) 23. b4 $8
(23. Bf3 Ne6 $17) 23... axb3 24. Rxb3 Rxb3 25. Qxb3 Nb5 26. a4 Nc3 27. Rb2 Rxa4
(27... Qxc5 28. Qxb7 Rxa4 29. Bxc6 $10) 28. Qxb7 Ra1+ 29. Bf1 Qe6 (29... Qxc5
$2 30. Qc8+ Qf8 (30... Kh7 $2 31. Qf5+ $18) 31. Qc7) 30. Kg2 (30. f3 Kh7 (30...
Qh3 31. Qa8+ $1) 31. Kg2 Rc1 32. Rb6 Nd5 33. Rb1 Ne3+ 34. Kg1 Rxc5 $19) 30...
Qd5+ 31. f3 (31. Kg1 Rxf1+ $1 32. Kxf1 Qh1#) 31... Kh7 (31... Nd1 32. Rb1 (32.
Qc8+ Kh7 33. Rb8 Ne3+ 34. Kh3 Rxf1 35. Qh8+ Kg6 36. Rg8 Qe6+ 37. g4 Qf6 $19)
32... Ne3+ 33. Kf2 Rxb1 34. Qxb1 Qxc5 $17) 32. h4 (32. Qc8 Nd1 $19) (32. Rb6
Nd1 33. Rb1 Ne3+ 34. Kf2 Rxb1 35. Qxb1 Qxc5 $17) 32... Qe6 33. Rb6 (33. Rd2 Nd5
34. Kf2 Rxf1+ 35. Kxf1 Qh3+ 36. Ke1 Ne3 $19) 33... Rxf1 $1 (33... Nd5 34. Rb1)
34. Rxc6 (34. Kxf1 Qh3+ 35. Kf2 (35. Kg1 Qxg3+ 36. Kf1 Nd1 $19) 35... Qh2+ 36.
Kf1 Qh1+ 37. Kf2 Nd1#) 34... Qa2 35. Kxf1 Qxe2+ 36. Kg1 Qe1+ (36... Qe1+ 37.
Kh2 (37. Kg2 Nd1 38. f4 Ne3+ 39. Kf3 Qh1+ 40. Ke2 Qd1+ 41. Kf2 Qf1#) 37... Ne2
$19) 0-1

[Event "St Petersburg zt"]
[Site "St Petersburg"]
[Date "1993.??.??"]
[Round "2"]
[White "Sorokin, Maxim"]
[Black "Gavrilov, Alexei"]
[Result "1-0"]
[WhiteElo "2490"]
[BlackElo "2400"]
[Annotator "Glatman,V"]
[PlyCount "77"]
[EventDate "1993.01.??"]
[EventType "swiss"]
[EventRounds "9"]
[EventCountry "RUS"]
[SourceTitle "CBM 034"]
[Source "ChessBase"]
[SourceDate "1993.06.01"]
[SourceVersion "1"]
[SourceVersionDate "1993.06.01"]
[SourceQuality "1"]

1. c4 {Ribli} e5 2. Nc3 Nf6 3. g3 Bb4 4. Bg2 Bxc3 5. bxc3 (5. dxc3 O-O 6. e4 d6
7. Ne2 a6 $5 8. O-O b5 9. cxb5 axb5 10. h3 Bb7 11. Qc2 Nbd7 12. g4 d5 $1 $10 {
Boensch,U-Lerner,K/Lugano/1989/}) 5... O-O 6. e4 Re8 (6... d6 7. d3 Nc6 8. h3
Kh8 $5 9. Ne2 Ng8 10. g4 Nge7 11. f4 exf4 12. Bxf4 Ng6 $10 {Ivanov,V-Nenashev/
Uzbekistan/1992/}) (6... c6 7. Ba3 Re8 8. Qb3 b6 9. d3 $5 Bb7 10. Nf3 d5 11.
Nd2 Na6 12. O-O Nc7 $10 {Huebner,R-Christiansen,L/Munich/1992/} (12... Nc7 {
Ribli} 13. Rfe1 Qd7 $13 {Huebner,R-Christiansen,L Munich 1992 CBM/30 54/25}))
7. Ne2 c6 8. O-O $5 (8. Qb3 b6 9. O-O Bb7 10. f4 exf4 11. d3 d5 12. Bxf4 Nbd7
$15 {Christiansen,L-Epishin,V/New York/1990/}) 8... d5 9. exd5 cxd5 10. d4 $1
$146 (10. cxd5 Nxd5 $10) 10... exd4 (10... dxc4 11. dxe5 Qxd1 12. Rxd1 Rxe5 13.
Nd4 $14 {/\ Bf4, Nb5}) 11. Nxd4 dxc4 12. Nb5 $16 Nc6 (12... Qa5 13. Nd6 Rd8 14.
Nxc4 Qc7 15. Bf4 $16) 13. Bf4 Bg4 (13... Qa5 14. a4 a6 $2 15. Bc7 $18) 14. Qxd8
Raxd8 15. Nd6 Re7 16. Nxb7 Rxb7 17. Bxc6 $16 Rb2 18. Rfb1 Rc2 (18... Rxb1+ 19.
Rxb1 Rd1+ 20. Rxd1 Bxd1 21. Bb8 a5 22. a4 $18) 19. Be5 h5 20. a4 Bf5 {/\ Be4,
Ng4, Ne4)} 21. Rb5 $1 Bg6 (21... Ne4 $2 22. Bc7 Rc8 23. Rxf5 Rxc7 24. Bxe4 $18)
(21... Be4 $2 22. Bxf6 Bxc6 23. Bxd8 Bxb5 24. axb5 $18) (21... Ng4 22. Bd4 $16)
22. Bd4 h4 $6 (22... Ne4 $5 23. Bxa7 Nxc3 24. Rb8 Rxb8 25. Bxb8 Be4 $16) 23.
gxh4 $1 Nh5 24. Bxa7 Nf4 (24... Rxc3 {Ribli} 25. Be3 $16) 25. Bd4 Ne2+ 26. Kg2
Nxd4 27. cxd4 Rxd4 $6 (27... c3 28. a5 Rb2) 28. a5 Rd6 29. Bb7 (29. Bf3 $5 {
Ribli} Ra6 30. Rb6 $16) 29... c3 30. a6 Rb2 31. a7 Rd8 32. a8=Q Rxa8 33. Rxa8+
Kh7 34. h5 Bd3 35. Rc5 c2 36. Bf3 Rb5 (36... Rb1 {Ribli} 37. Rac8 $18) 37. Rcc8
Kh6 38. Ra6+ f6 39. h4 1-0

[Event "Olympiad-37"]
[Site "Turin"]
[Date "2006.05.27"]
[Round "6"]
[White "Franco Ocampos, Zenon"]
[Black "Gurevich, Mikhail"]
[Result "1/2-1/2"]
[WhiteElo "2530"]
[BlackElo "2643"]
[Annotator "Gurevich,M"]
[PlyCount "77"]
[EventDate "2006.05.21"]
[EventType "team-swiss"]
[EventRounds "13"]
[EventCountry "ITA"]
[SourceTitle "CBM 113"]
[Source "ChessBase"]
[SourceDate "2006.07.31"]
[SourceVersion "1"]
[SourceVersionDate "2006.07.31"]
[SourceQuality "1"]
[WhiteTeam "Paraguay"]
[BlackTeam "Turkey"]
[WhiteTeamCountry "PAR"]
[BlackTeamCountry "TUR"]

1. c4 Nf6 2. Nc3 e5 3. e3 Bb4 4. Nge2 c6 5. a3 Ba5 (5... Bxc3 6. Nxc3 d5 7. d4
e4 8. Be2 O-O 9. b3 Re8 10. h3 Nbd7 11. Bb2 Nf8 12. Rc1 h6 13. a4 Ng6 14. h4
Bf5 15. Ba3 Be6 16. g3 Ne7 17. h5 Nf5 18. cxd5 Nxd5 19. Nxd5 Bxd5 20. Bc4 Qg5
$17 {0-1 Brodsky,M-Landa,K/Sochi RUS 2006/The Week in Chess 599 (47)}) 6. b4
Bc7 7. Bb2 O-O 8. Ng3 Re8 9. c5 d5 10. cxd6 Qxd6 $1 {TN} (10... Bxd6 11. Be2
Nbd7 12. Qc2 Nf8 13. O-O e4 14. Rad1 Qe7 15. d3 exd3 16. Qxd3 Be5 17. Nf5 Bxf5
18. Qxf5 a5 $132 {1/2-1/2 Milov,V-Gurevich,M/Ajaccio 2004/PowerBook2005 (54)})
11. Be2 (11. Nce4 Nxe4 12. Nxe4 Qg6 $36) 11... Nbd7 12. d3 (12. O-O e4 $5)
12... a5 $5 13. b5 Nc5 14. O-O (14. a4 Rd8 15. O-O Nxd3 $17) 14... a4 15. Rc1
$5 Be6 16. Nce4 $1 Nfxe4 17. Nxe4 Nxe4 18. dxe4 $13 Rec8 19. bxc6 bxc6 20. Qc2
(20. Qxd6 Bxd6 21. Rfd1 Be7 $132) 20... Qe7 21. f4 Bd6 $5 22. Qc3 f6 $6 (22...
Rab8 23. fxe5 Bc7 24. Ba6 Rd8 25. Ba1 (25. Qxc6 Rxb2 26. Qxc7 Rdd2 $1 $19)
25... Bb6 $36) 23. Bc4 Rab8 24. Rf2 $1 {[/\Rfd2,Rcd1->]} Rb6 25. f5 Bf7 (25...
Bxc4 $142 26. Qxc4+ Qf7 27. Qxa4 Qb3 28. Qc4+ Qxc4 29. Rxc4 Ra8 $11) 26. Rd2
Rcb8 $5 27. Bxf7+ Qxf7 $1 (27... Kxf7 28. Rcd1 c5 29. Qc4+ Kf8 30. Qxa4 $16)
28. Rxd6 Rxb2 29. Rxc6 h6 30. Rc8+ (30. Qc4 Qxc4 31. R1xc4 Kh7 $11 32. Rxa4 $6
Rb1+ 33. Kf2 R8b2+ $40) 30... Kh7 31. Rxb8 Rxb8 32. Qc4 Qh5 $1 (32... Qxc4 33.
Rxc4 Rb3 34. Rxa4 Rxe3 35. Kf2 $14) 33. h3 (33. Qxa4 Qe2 $36) 33... Rb2 34. Kh2
Qf3 35. Rc2 Rxc2 36. Qxc2 Qxe3 37. Qxa4 Qf4+ 38. Kg1 Qe3+ 39. Kh2 1/2-1/2